Sobre la cueva de Na Figuera en Parella (Menorca) / J. Maluquer de Motes
Descripción Física:
p.195-198 : 1 làm. amb fotografia ; 28 cm
Materias:
Arqueologia -- Espanya
MARC
| LEADER | 00000nam a2200000Ia 4500 | ||
|---|---|---|---|
| 001 | 17325 | ||
| 008 | 160829s1952 xx 000 0 cat d | ||
| 080 | |a FU-52-24 | ||
| 100 | 1 | |a Maluquer de Motes, Joan, |d 1915-1988 |9 30020 | |
| 245 | |a Sobre la cueva de Na Figuera en Parella (Menorca) / J. Maluquer de Motes | ||
| 260 | |a Valencia : |b Fedsa, |c 1952 | ||
| 300 | |a p.195-198 : |b 1 làm. amb fotografia ; |c 28 cm | ||
| 590 | |a Separata de: Archivo de Prehistoria Levantina, III. | ||
| 590 | |a Prové de R.168 del currículum per la plaça de conservador del Museu Arqueològic, 1957 | ||
| 650 | |a Arqueologia |x Espanya |9 46624 | ||
| 856 | 4 | |u https://media.diba.cat/diba/fitxers/arxiu/fulletons/bib_17325_1952_baixa.pdf |y Accés lliure | |
| 856 | 4 | |u https://media.diba.cat/diba/fitxers/arxiu/fulletons/bib_17325_1952_baixa.pdf |y Accés lliure | |
| 901 | |a Arxiu | ||
| 942 | |n 1 |2 udc | ||
| 952 | |0 0 |1 0 |4 0 |6 FU5224 |7 1 |9 53713 |a Arxiu |b Arxiu |d 2016-12-01 |l 0 |o FU-52-24 |p 17325 |r 2016-12-01 00:00:00 |w 2016-12-01 |y ARXIU | ||
| 999 | |c 57579 |d 57579 | ||
| 900 | |a bib_17325_1952_baixa.pdf | ||